[Event "23.Schlosspark-Open"]
[Site "Wiesbaden"]
[Date "2011.08.27"]
[Round "4.35"]
[White "Machlin, Maxim"]
[Black "Kaspereit, Holger"]
[Result "1-0"]
[WhiteElo "1943"]
[BlackElo "2124"]
[PlyCount "76"]
[EventDate "2011.??.??"]
[WhiteTeam "Biebertaler SF"]
[BlackTeam "SK Ebringen"]

1. c4 e5 2. g3 Nc6 3. Bg2 Nf6 4. Nc3 Bc5 5. a3 a5 6. e3 d6 7. Nge2 Bf5 8. d4
Ba7 9. O-O O-O 10. d5 Ne7 11. e4 Bg4 12. h3 Bd7 13. Bg5 Ng6 14. Qd2 h6 15. Be3
Nh7 16. Kh2 f5 17. Bxa7 Rxa7 18. f4 Ra6 19. Rae1 Rb6 20. Qc2 exf4 21. Nxf4 Nxf4
22. Rxf4 Qf6 23. Ref1 g6 24. exf5 Bxf5 25. Qd2 Qg7 26. Nb5 a4 27. Nd4 Bd7 28.
Ne6 Bxe6 29. dxe6 Rxf4 30. Rxf4 Rxb2 31. Qd5 c6 32. Qxd6 Ng5 33. Qd8+ Kh7 34.
e7 Ne6 35. e8=Q Nxd8 36. Qxd8 Re2 37. Qd3 Re7 38. Be4 Qa1 1-0

[Event "23.Schlosspark-Open"]
[Site "Wiesbaden"]
[Date "2011.08.27"]
[Round "4.36"]
[White "Karthaus, Carsten"]
[Black "Kolker, Vladislav"]
[Result "1/2-1/2"]
[WhiteElo "1927"]
[BlackElo "2086"]
[PlyCount "48"]
[EventDate "2011.??.??"]
[WhiteTeam "SC Murrhardt 1948 e.V."]
[BlackTeam "Sfr.1891 Friedberg"]

1. e4 e5 2. Nf3 Nc6 3. Bc4 Nf6 4. Nc3 Nxe4 5. Nxe4 d5 6. Bd3 dxe4 7. Bxe4 Bd6
8. c3 O-O 9. O-O Bg4 10. h3 Bh5 11. Qc2 f5 12. Bxf5 Bxf3 13. gxf3 Qg5+ 14. Bg4
h5 15. d4 Qh4 16. Be6+ Kh8 17. d5 Nd8 18. Qe4 Qxe4 19. fxe4 Nxe6 20. dxe6 Rfe8
21. Be3 Rxe6 22. f3 Rf6 23. Kg2 Rf7 24. Rad1 a6 1/2-1/2

[Event "23.Schlosspark-Open"]
[Site "Wiesbaden"]
[Date "2011.08.27"]
[Round "4.37"]
[White "Hehn, Hartmut"]
[Black "Makilla, Tobias"]
[Result "0-1"]
[WhiteElo "2080"]
[BlackElo "1937"]
[PlyCount "130"]
[EventDate "2011.??.??"]
[WhiteTeam "SV Ebersbach"]
[BlackTeam "Sfr.1932 Kelkheim"]

1. e4 e5 2. Nc3 Nc6 3. Bc4 Bc5 4. a3 Nf6 5. d3 h6 6. Nge2 d6 7. O-O Be6 8. Bxe6
fxe6 9. Na4 Bb6 10. Nxb6 axb6 11. c3 O-O 12. f3 Qe7 13. Be3 Rad8 14. Qc2 Rd7
15. Rad1 Rfd8 16. Bf2 Qe8 17. Rd2 d5 18. Rfd1 d4 19. Qb3 Rd6 20. cxd4 exd4 21.
Bg3 R6d7 22. Nf4 Re7 23. Rc1 Nh5 24. Nxh5 Qxh5 25. Rdc2 Qf7 26. Qa2 e5 27. Qc4
Rdd7 28. Kf1 Qxc4 29. Rxc4 Na5 30. Rb4 Re6 31. Rb5 Rde7 32. Ke2 Kf7 33. f4 exf4
34. Rf5+ Ke8 35. Rxf4 Rc6 36. Rxc6 bxc6 37. Kd2 c5 38. Kc2 c4 39. Be1 c5 40.
Bxa5 cxd3+ 41. Kxd3 bxa5 42. Rf5 Rc7 43. b4 axb4 44. axb4 cxb4 45. Rf3 b3 46.
Kxd4 b2 47. Rb3 Rc2 48. g4 Rxh2 49. Ke5 Kf7 50. Rb7+ Kg6 51. Ke6 Re2 52. e5 Kg5
53. Rxg7+ Kf4 54. Rf7+ Kxg4 55. Rb7 Kf4 56. Rf7+ Ke4 57. Rb7 Kd4 58. Kd6 Kc3
59. e6 Kc2 60. Rc7+ Kd1 61. Rb7 Rd2+ 62. Ke5 Kc1 63. Rc7+ Rc2 64. e7 Rxc7 65.
e8=Q b1=Q 0-1

[Event "23.Schlosspark-Open"]
[Site "Wiesbaden"]
[Date "2011.08.27"]
[Round "4.39"]
[White "Reinert, Stéphane"]
[Black "Hipler, Andreas"]
[Result "0-1"]
[WhiteElo "2070"]
[BlackElo "1914"]
[PlyCount "160"]
[EventDate "2011.??.??"]
[WhiteTeam "SC Bad Nauheim"]
[BlackTeam "SK Gau-Algesheim"]

1. d4 d5 2. Nf3 Bf5 3. c4 e6 4. Nc3 c6 5. Qb3 Qb6 6. c5 Qxb3 7. axb3 Nd7 8. Bf4
f6 9. b4 a6 10. e3 Rc8 11. h3 g5 12. Bh2 Ne7 13. Nd2 e5 14. Nb3 Ng6 15. g4 Be6
16. f4 gxf4 17. exf4 Nxf4 18. Bxf4 exf4 19. Bd3 h5 20. Bg6+ Bf7 21. gxh5 Rh6
22. Rg1 Bxg6 23. hxg6 Bg7 24. Na5 Rc7 25. Ne2 Rxh3 26. O-O-O Rh4 27. Rdf1 Nf8
28. Kd1 Bh6 29. g7 Bxg7 30. Nxf4 Bh6 31. Ne2 Bg5 32. Nb3 Ne6 33. Rh1 Rch7 34.
Rxh4 Rxh4 35. Rf3 Kf7 36. Kc2 Kg6 37. Kc3 f5 38. Na5 Rh7 39. Kd3 f4 40. Ng1 Rh1
41. Ne2 Rh7 42. Ng1 Bd8 43. Nb3 Kg5 44. Nc1 Kg4 45. Nce2 Bc7 46. Rf2 Ng5 47.
Rg2+ Kf5 48. Rf2 Rh4 49. Ng3+ Kg4 50. N3e2 f3 51. Nxf3 Nxf3 52. Rg2+ Kf5 53.
Rg7 Bd8 54. Rxb7 Bf6 55. Rb6 Bxd4 56. Nxd4+ Nxd4 57. Rxa6 Ke5 58. Ra8 Rh3+ 59.
Kd2 Rb3 60. Re8+ Kf6 61. Rb8 Rh3 62. Rg8 Nf3+ 63. Kc2 Kf5 64. Rb8 Ke4 65. Re8+
Ne5 66. b5 cxb5 67. Rb8 Kd4 68. Rxb5 Kc4 69. Ra5 Rh2+ 70. Kb1 Kb4 71. Ra8 Kxc5
72. Rc8+ Kd6 73. Ka2 Nc4 74. Rb8 Rxb2+ 75. Rxb2 Nxb2 76. Kxb2 Ke5 77. Kc3 Ke4
78. Kd2 Kd4 79. Ke1 Kd3 80. Kd1 d4 0-1

[Event "23.Schlosspark-Open"]
[Site "Wiesbaden"]
[Date "2011.08.27"]
[Round "4.40"]
[White "Lanz, Udo"]
[Black "Will, Dominik"]
[Result "0-1"]
[WhiteElo "1845"]
[BlackElo "2040"]
[PlyCount "38"]
[EventDate "2011.??.??"]
[WhiteTeam "SC Eberbach"]
[BlackTeam "SC Bad Nauheim"]

1. c4 Nf6 2. Nc3 g6 3. d4 Bg7 4. e4 d6 5. f3 O-O 6. Be3 a6 7. Qd2 Nbd7 8. g4 c5
9. Nge2 b6 10. h4 cxd4 11. Bxd4 Bb7 12. Bg2 Rc8 13. b3 Nc5 14. g5 Nfd7 15. Bxg7
Kxg7 16. f4 b5 17. cxb5 axb5 18. h5 Qa5 19. Qb2 Nd3+ 0-1

[Event "23.Schlosspark-Open"]
[Site "Wiesbaden"]
[Date "2011.08.27"]
[Round "4.41"]
[White "Menning, Uwe"]
[Black "Seickel, Ralf"]
[Result "0-1"]
[WhiteElo "2059"]
[BlackElo "1890"]
[PlyCount "74"]
[EventDate "2011.??.??"]
[WhiteTeam "SC Taunusstein 1966"]
[BlackTeam "vereinslos"]

1. d4 Nf6 2. Nf3 g6 3. Bg5 Bg7 4. e3 O-O 5. Be2 c5 6. c3 d6 7. Nbd2 Nc6 8. O-O
h6 9. Bh4 g5 10. Bg3 Nh5 11. Ne1 Nxg3 12. hxg3 e5 13. dxc5 dxc5 14. Bf3 Qc7 15.
Qc2 Be6 16. Be2 b6 17. Nef3 f5 18. Bc4 Bxc4 19. Nxc4 e4 20. Nfd2 b5 21. Na3 a6
22. g4 Ne5 23. gxf5 Ng4 24. g3 Nxe3 25. fxe3 Qxg3+ 26. Kh1 Qh3+ 27. Kg1 Qxe3+
28. Kh1 Rae8 29. Nb3 Rxf5 30. Rxf5 Qh3+ 31. Kg1 Qxf5 32. Rf1 Qe5 33. Qe2 Rd8
34. Qe3 Rd3 35. Qf2 Rf3 36. Qe1 Rg3+ 37. Kf2 Qf4+ 0-1

[Event "23.Schlosspark-Open"]
[Site "Wiesbaden"]
[Date "2011.08.27"]
[Round "4.43"]
[White "Belz, Frank-M"]
[Black "Dehning-Busse, Karsten"]
[Result "1-0"]
[WhiteElo "2025"]
[BlackElo "1828"]
[PlyCount "91"]
[EventDate "2011.??.??"]
[WhiteTeam "SK Freising"]
[BlackTeam "SF Lilienthal von 1971"]

1. Nf3 Nf6 2. c4 d6 3. g3 g6 4. b4 Bg7 5. Bb2 e5 6. d3 O-O 7. Bg2 c6 8. O-O Qc7
9. Nc3 Nbd7 10. Qd2 h6 11. Rfc1 Re8 12. e3 Nf8 13. d4 Bg4 14. h3 Bxf3 15. Bxf3
e4 16. Bg2 Qd7 17. Qc2 d5 18. c5 N6h7 19. Qe2 f5 20. Rcb1 Ne6 21. Bc1 a6 22.
Na4 Qc7 23. Nb6 Rab8 24. a4 Nhf8 25. b5 axb5 26. axb5 Nd7 27. Nxd7 Qxd7 28. Ra7
Qc8 29. bxc6 bxc6 30. Rb6 Ra8 31. Qa2 Rxa7 32. Qxa7 Nd8 33. Rb8 Qe6 34. Qa8 Bf6
35. Bd2 Kf8 36. Bf1 Qd7 37. Ba5 Ne6 38. Kg2 Rxb8 39. Qxb8+ Kf7 40. Ba6 Qe8 41.
Qb7+ Kg8 42. Qa7 g5 43. Bb7 f4 44. Qa8 Qxa8 45. Bxa8 Bd8 46. Bb6 1-0

[Event "23.Schlosspark-Open"]
[Site "Wiesbaden"]
[Date "2011.08.27"]
[Round "4.45"]
[White "Schellen, Sven"]
[Black "Reichenbächer, Thomas"]
[Result "1-0"]
[WhiteElo "1754"]
[BlackElo "1996"]
[PlyCount "61"]
[EventDate "2011.??.??"]
[WhiteTeam "Sfr. Frankfurt 1921"]
[BlackTeam "SC Steißlingen"]

1. d4 f5 2. Nf3 Nf6 3. Bg5 e6 4. Nbd2 d5 5. Ne5 Be7 6. e3 O-O 7. Bd3 Nbd7 8. f4
Nxe5 9. fxe5 Ne4 10. Bxe7 Qxe7 11. Nf3 Qb4+ 12. c3 Qxb2 13. O-O c5 14. Bxe4
dxe4 15. Qd2 Qxd2 16. Nxd2 cxd4 17. cxd4 Bd7 18. Rfb1 b6 19. Nc4 Rac8 20. Rc1
Bb5 21. Nd6 Rxc1+ 22. Rxc1 Bd3 23. Rc7 g5 24. d5 f4 25. Kf2 exd5 26. e6 d4 27.
e7 fxe3+ 28. Kg3 Ra8 29. Rd7 e2 30. Rd8+ Kg7 31. Kf2 1-0

[Event "23.Schlosspark-Open"]
[Site "Wiesbaden"]
[Date "2011.08.27"]
[Round "4.46"]
[White "Faqiry, Ramat"]
[Black "Spinnler, Wolfgang"]
[Result "1-0"]
[WhiteElo "1977"]
[BlackElo "1729"]
[PlyCount "125"]
[EventDate "2011.??.??"]
[WhiteTeam "SK Bad Homburg 1927"]
[BlackTeam "SC Landskrone"]

1. d4 Nf6 2. c4 e6 3. Nc3 b6 4. g3 Bb7 5. Nf3 Be7 6. Bg2 Ne4 7. Nxe4 Bxe4 8.
O-O O-O 9. Nh4 Bxg2 10. Nxg2 d6 11. e4 Nd7 12. Ne3 c5 13. d5 exd5 14. Nxd5 Nf6
15. Re1 Nxd5 16. Qxd5 Qc7 17. Bf4 Rad8 18. Rad1 Kh8 19. Rd3 f6 20. Red1 Rd7 21.
Qe6 Rfd8 22. e5 fxe5 23. Bxe5 Bf8 24. Bc3 Re7 25. Qg4 Rf7 26. Rd5 Qd7 27. Qh5
Kg8 28. a3 g6 29. Qg5 Qe7 30. Qg4 Qd7 31. Qe4 Re8 32. Qd3 Qe6 33. Re1 Qd7 34.
Rxe8 Qxe8 35. h4 Qe6 36. h5 Rf5 37. hxg6 hxg6 38. Rxf5 gxf5 39. Qd2 Kf7 40. Qg5
Ke8 41. Qh5+ Kd7 42. Qf3 Qe4 43. Qxe4 fxe4 44. f4 exf3 45. Kf2 Ke6 46. Kxf3 d5
47. cxd5+ Kxd5 48. g4 Bh6 49. Bf6 Ke6 50. g5 Bf8 51. Ke4 Kf7 52. Kd5 b5 53. Kc6
b4 54. a4 Kg6 55. Kb7 c4 56. Kxa7 c3 57. bxc3 bxc3 58. Bxc3 Bc5+ 59. Kb7 Kxg5
60. a5 Kf5 61. a6 Ke6 62. Ba5 Kd7 63. Bb6 1-0

[Event "23.Schlosspark-Open"]
[Site "Wiesbaden"]
[Date "2011.08.27"]
[Round "4.48"]
[White "Kettner, Uwe"]
[Black "Steimbach, Isabel"]
[Result "1-0"]
[WhiteElo "1993"]
[BlackElo "1561"]
[PlyCount "111"]
[EventDate "2011.??.??"]
[WhiteTeam "SAbt TuS Dotzheim"]
[BlackTeam "OSG Baden-Baden"]

1. e4 e5 2. Bc4 d6 3. Nf3 Nf6 4. Nc3 Be7 5. d4 exd4 6. Nxd4 O-O 7. f3 Nbd7 8.
Be3 c5 9. Nb3 Ne5 10. Be2 Be6 11. O-O Nc4 12. Bc1 Nb6 13. Be3 Bc4 14. Qd2 Qc7
15. Bf4 a6 16. Rfd1 Rad8 17. Qe1 Rfe8 18. Na5 Bxe2 19. Qxe2 Nbd7 20. Nc4 Ne5
21. Ne3 Qb6 22. Ned5 Nxd5 23. Nxd5 Qxb2 24. Rab1 Qxa2 25. Bxe5 dxe5 26. Nxe7+
Kf8 27. Nd5 f5 28. Rxb7 a5 29. Qd3 Qa4 30. Qc3 Qc6 31. Rc7 Qd6 32. Qxc5 Qxc5+
33. Rxc5 fxe4 34. fxe4 a4 35. Rc7 Kg8 36. Rf1 Rf8 37. Rxf8+ Kxf8 38. Ra7 Rc8
39. Nc7 g6 40. Ne6+ Kg8 41. Rxa4 Rxc2 42. Ra7 Rc4 43. Rg7+ Kh8 44. Rc7 Rxc7 45.
Nxc7 Kg8 46. Kf2 Kf7 47. Ke3 Ke7 48. Nb5 Ke6 49. Kd3 Kd7 50. Kc4 Kc6 51. Na7+
Kd6 52. Nc8+ Kc6 53. h4 Kd7 54. Kd5 Kxc8 55. Kxe5 Kd7 56. Kf6 1-0

[Event "23.Schlosspark-Open"]
[Site "Wiesbaden"]
[Date "2011.08.27"]
[Round "4.49"]
[White "Kannenberg, Carl-Fr"]
[Black "Bykov, Vyacheslav"]
[Result "0-1"]
[WhiteElo "1947"]
[BlackElo "1614"]
[PlyCount "66"]
[EventDate "2011.??.??"]
[WhiteTeam "SAbt TuS Dotzheim"]
[BlackTeam "Wiesbadener SV 1885"]

1. e4 e6 2. d4 d5 3. exd5 exd5 4. Nf3 Bd6 5. Be2 Nc6 6. c3 Nge7 7. O-O h6 8.
Re1 Be6 9. Nbd2 Qd7 10. Nf1 O-O-O 11. b3 Ng6 12. Ne3 Nf4 13. Bf1 g5 14. Kh1 g4
15. Ng1 h5 16. g3 Ng6 17. Bg2 h4 18. Ne2 hxg3 19. fxg3 Nce7 20. c4 dxc4 21.
bxc4 c6 22. Qd3 Rh5 23. d5 Bf5 24. Nxf5 Nxf5 25. Bb2 Qc7 26. Kg1 Bc5+ 27. Kf1
Ne3+ 28. Kg1 Ne5 29. Qe4 Rdh8 30. Nd4 Nxg2 31. Kxg2 Rxh2+ 32. Kf1 Rxb2 33. Qf5+
Kb8 0-1

[Event "23.Schlosspark-Open"]
[Site "Wiesbaden"]
[Date "2011.08.27"]
[Round "4.50"]
[White "Cordes, Lothar"]
[Black "Wagner, Günter"]
[Result "1/2-1/2"]
[WhiteElo "1942"]
[BlackElo "1588"]
[PlyCount "36"]
[EventDate "2011.??.??"]
[WhiteTeam "SF Lilienthal von 1971"]
[BlackTeam "SV 1946 Groß-Gerau"]

1. d4 Nf6 2. Nf3 d6 3. c4 g6 4. Nc3 Bg7 5. e4 O-O 6. Be2 c5 7. d5 Na6 8. O-O
Nc7 9. Bf4 a6 10. Qd2 Rb8 11. a4 b6 12. Rfd1 Bd7 13. e5 Nfe8 14. Ne4 Bf5 15.
exd6 exd6 16. Ng3 Qf6 17. Rab1 Bxb1 18. Rxb1 Qd8 1/2-1/2

[Event "23.Schlosspark-Open"]
[Site "Wiesbaden"]
[Date "2011.08.27"]
[Round "4.51"]
[White "Hess, Max"]
[Black "Krebs, Armin"]
[Result "0-1"]
[WhiteElo "1645"]
[BlackElo "1896"]
[PlyCount "70"]
[EventDate "2011.??.??"]
[WhiteTeam "Post-SV Memmingen"]
[BlackTeam "SV Ebersbach"]

1. e4 c5 2. Nf3 e6 3. d4 cxd4 4. Nxd4 Nf6 5. Bd3 Nc6 6. Nb3 d5 7. exd5 Qxd5 8.
O-O Be7 9. Nc3 Qd8 10. Bf4 O-O 11. Re1 a6 12. Ne4 Nxe4 13. Bxe4 Qxd1 14. Raxd1
f5 15. Bxc6 bxc6 16. Nd4 Bf6 17. Nxe6 Bxe6 18. Rxe6 Bxb2 19. Rxc6 a5 20. c4
Rac8 21. Rc7 g5 22. Bd6 Rfd8 23. Rxc8 Rxc8 24. c5 Kf7 25. Re1 Ba3 26. Re7+ Kf6
27. Rc7 Rb8 28. f4 Rb1+ 29. Kf2 Rb2+ 30. Kf3 g4+ 31. Kg3 Rxa2 32. Rxh7 Bb4 33.
Be5+ Kg6 34. Rg7+ Kh6 35. c6 Be1# 0-1

[Event "23.Schlosspark-Open"]
[Site "Wiesbaden"]
[Date "2011.08.27"]
[Round "4.52"]
[White "Köllmer, Hans"]
[Black "Beck, Michael"]
[Result "0-1"]
[WhiteElo "1604"]
[BlackElo "1885"]
[PlyCount "69"]
[EventDate "2011.??.??"]
[WhiteTeam "Sfr.Heidesheim"]
[BlackTeam "SC Flörsheim 1921"]

1. e4 e6 2. Nf3 d5 3. e5 c5 4. c3 Nc6 5. d4 Bd7 6. Be3 Qb6 7. b3 Rc8 8. Bd3
cxd4 9. cxd4 Nb4 10. O-O Nxd3 11. Qxd3 Bb5 12. Qd1 Bxf1 13. Qxf1 h6 14. g4 Ne7
15. Qh3 g6 16. Nbd2 Bg7 17. Nf1 Kd7 18. Ng3 Rc2 19. Ne1 Rc3 20. Ne2 Rc7 21. Nf4
Qb5 22. Nfd3 b6 23. Qf3 Rf8 24. Qe2 h5 25. gxh5 gxh5 26. Qxh5 Nf5 27. Qg4 Kc8
28. Bd2 Qe8 29. Kh1 Rg8 30. Qd1 Nxd4 31. f4 f6 32. a4 fxe5 33. b4 Qg6 34. Nf2
Bf6 35. Ned3 0-1

[Event "23.Schlosspark-Open"]
[Site "Wiesbaden"]
[Date "2011.08.27"]
[Round "4.53"]
[White "Grötzinger, Waldemar"]
[Black "Launert, Martin"]
[Result "0-1"]
[WhiteElo "1592"]
[BlackElo "1875"]
[PlyCount "40"]
[EventDate "2011.??.??"]
[WhiteTeam "Sfr. Frankfurt 1921"]
[BlackTeam "Sfr.Erbach"]

1. e4 e5 2. f4 exf4 3. Nf3 h6 4. Bc4 d6 5. d4 g5 6. O-O Bg7 7. Qe2 Nc6 8. c3
Bg4 9. g3 Qd7 10. gxf4 gxf4 11. Bxf4 O-O-O 12. Qf2 f5 13. exf5 Bxf5 14. Nbd2
Nf6 15. Nh4 Bh3 16. Rfe1 d5 17. Bb5 Nh5 18. Ng6 Qg4+ 19. Kh1 Qxg6 20. Qh4 Qg2#
0-1

[Event "23.Schlosspark-Open"]
[Site "Wiesbaden"]
[Date "2011.08.27"]
[Round "4.54"]
[White "Pogosian, Norair"]
[Black "Stang, Wolfgang"]
[Result "0-1"]
[WhiteElo "1586"]
[BlackElo "1834"]
[PlyCount "116"]
[EventDate "2011.??.??"]
[WhiteTeam "CE Strassbourg"]
[BlackTeam "PSV Dorfen"]

1. e4 e6 2. d4 d5 3. Nd2 c5 4. exd5 exd5 5. Ngf3 Nf6 6. Bb5+ Bd7 7. Qe2+ Qe7 8.
Qxe7+ Bxe7 9. Bxd7+ Nbxd7 10. O-O O-O 11. Re1 Rfe8 12. Ne5 cxd4 13. Nxd7 Nxd7
14. Nf3 Bf6 15. Bg5 Bxg5 16. Nxg5 Rxe1+ 17. Rxe1 Rc8 18. Rc1 d3 19. c3 Re8 20.
Kf1 Ne5 21. b3 f6 22. Nf3 Rc8 23. Ke1 Nxf3+ 24. gxf3 Re8+ 25. Kd2 Re2+ 26. Kxd3
Rxf2 27. Kd4 Rxh2 28. Kxd5 Rxa2 29. c4 Rd2+ 30. Ke4 Kf7 31. c5 Rd7 32. b4 Ke6
33. b5 h6 34. Ra1 f5+ 35. Ke3 Kd5 36. Rd1+ Ke6 37. Ra1 b6 38. c6 Rd5 39. Rxa7
Rxb5 40. Rxg7 Kd5 41. Rg6 Rc5 42. Rxh6 Rxc6 43. Rh5 Rf6 44. Kf4 b5 45. Rh8 Rb6
46. Kxf5 b4 47. Rd8+ Kc4 48. Rc8+ Kd3 49. Rd8+ Kc2 50. Rc8+ Kb1 51. Ke4 b3 52.
Kd3 b2 53. Kd2 Rd6+ 54. Kc3 Rf6 55. Kd2 Rxf3 56. Rc7 Ra3 57. Rb7 Ra8 58. Kc3
Ka1 0-1

[Event "23.Schlosspark-Open"]
[Site "Wiesbaden"]
[Date "2011.08.27"]
[Round "4.55"]
[White "Dyga, Ryszard"]
[Black "Sprünken, Dirk"]
[Result "1/2-1/2"]
[WhiteElo "1580"]
[BlackElo "1821"]
[PlyCount "103"]
[EventDate "2011.??.??"]
[WhiteTeam "SV 1920 Hofheim"]
[BlackTeam "SK Freising"]

1. e4 c6 2. d4 d5 3. Nc3 dxe4 4. Nxe4 Bf5 5. Ng3 Bg6 6. h4 h6 7. h5 Bh7 8. Bc4
e6 9. Nf3 Nf6 10. Qe2 Bd6 11. Ne5 O-O 12. Bd3 Bxd3 13. Qxd3 c5 14. Be3 cxd4 15.
Bxd4 Qa5+ 16. Bc3 Bb4 17. Bxb4 Qxb4+ 18. Ke2 Nd5 19. Qe4 Qxb2 20. Kf3 Qc3+ 21.
Nd3 Nc6 22. Ne2 Qf6+ 23. Kg3 Nc3 24. Nxc3 Qxc3 25. Qe2 Nd4 26. Qe4 Rfd8 27. Kh2
Rac8 28. Qxb7 Nxc2 29. Rad1 Rc7 30. Qe4 Rc4 31. Qe2 Rd5 32. g4 Rcd4 33. Ne5
Rxd1 34. Rxd1 Qxe5+ 35. Qxe5 Rxe5 36. Rd8+ Kh7 37. Rd7 Ra5 38. Rxf7 Rxa2 39.
Kg3 a5 40. Kf4 a4 41. Ke4 a3 42. Kd3 Rb2 43. Kc3 Nb4 44. Ra7 Nd5+ 45. Kd4 a2
46. Ke5 Re2+ 47. Kd6 Nc3 48. Ke7 Re1 49. Kf8 a1=Q 50. Rxg7+ Kh8 51. Rg8+ Kh7
52. Rg7+ 1/2-1/2

[Event "23.Schlosspark-Open"]
[Site "Wiesbaden"]
[Date "2011.08.27"]
[Round "4.56"]
[White "Sommer, Norbert"]
[Black "Süß, Stefan"]
[Result "1/2-1/2"]
[WhiteElo "1562"]
[BlackElo "1800"]
[PlyCount "98"]
[EventDate "2011.??.??"]
[WhiteTeam "SF 1876 Göppingen"]
[BlackTeam "Mosbacher SC v.1931"]

1. Nf3 g6 2. d4 Bg7 3. c4 d6 4. Nc3 Nf6 5. Bg5 O-O 6. e3 c6 7. Be2 Nbd7 8. O-O
Re8 9. Qc2 e5 10. dxe5 dxe5 11. Rad1 Qc7 12. Nd2 Nc5 13. b4 Ne6 14. Bh4 Nd7 15.
c5 f5 16. f3 Bf6 17. Bxf6 Nxf6 18. Nc4 Rd8 19. Rxd8+ Nxd8 20. Rd1 Be6 21. Nd6
Kf8 22. Qd2 Ke7 23. e4 f4 24. Bc4 Bxc4 25. Nxc4 Nf7 26. Kf1 Rd8 27. Qe1 Rxd1
28. Qxd1 Qd7 29. Qxd7+ Kxd7 30. Ne2 Kc7 31. Nc1 b5 32. cxb6+ axb6 33. Nd3 Nd7
34. g3 g5 35. g4 b5 36. Nd2 Nd8 37. Ke2 Ne6 38. Nb3 Kb6 39. Kf2 Kc7 40. Kf1 Kd6
41. Ke1 Nb6 42. Ndc5 Nc4 43. Nxe6 Kxe6 44. Nc5+ Kd6 45. Ke2 Nb6 46. Kd3 Nd7 47.
Nxd7 Kxd7 48. Kc2 Kd6 49. Kc3 Kc7 1/2-1/2

[Event "23.Schlosspark-Open"]
[Site "Wiesbaden"]
[Date "2011.08.27"]
[Round "4.57"]
[White "Traut, Stefan"]
[Black "Van Bömmel, Philipp"]
[Result "1/2-1/2"]
[WhiteElo "1776"]
[BlackElo "1577"]
[PlyCount "42"]
[EventDate "2011.??.??"]
[WhiteTeam "Sfr. Heusenstamm"]
[BlackTeam "SC 1979 Hattersheim"]

1. d4 d5 2. Nf3 Nf6 3. c4 c6 4. e3 Bf5 5. Nc3 e6 6. b3 Bb4 7. Bd2 Nbd7 8. a3
Ba5 9. b4 Bc7 10. c5 h6 11. Be2 O-O 12. O-O a6 13. Bc1 e5 14. dxe5 Nxe5 15.
Nxe5 Bxe5 16. Bb2 Ne4 17. Rc1 Qf6 18. Nxe4 Bxe4 19. Bxe5 Qxe5 20. Qd4 Qxd4 21.
exd4 Rfe8 1/2-1/2

[Event "23.Schlosspark-Open"]
[Site "Wiesbaden"]
[Date "2011.08.27"]
[Round "4.58"]
[White "Maleski, Heinz"]
[Black "Wohlfahrt, Michael"]
[Result "1-0"]
[WhiteElo "1506"]
[BlackElo "1765"]
[PlyCount "111"]
[EventDate "2011.??.??"]
[WhiteTeam "SC Budenheim"]
[BlackTeam "SAbt TSF Welzheim"]

1. d4 d5 2. Bf4 Nf6 3. e3 Bf5 4. Nf3 e6 5. Be2 Be7 6. O-O O-O 7. Nbd2 Nbd7 8.
c4 dxc4 9. Bxc4 Ne4 10. Rc1 c6 11. Nxe4 Bxe4 12. Nd2 Bg6 13. Be2 Nb6 14. Qb3
Bd6 15. Bxd6 Qxd6 16. Rfd1 Rfd8 17. a4 Rab8 18. a5 Nd5 19. Nc4 Qe7 20. Bf3 Nc7
21. Ne5 f6 22. Nxg6 hxg6 23. e4 Kh7 24. d5 cxd5 25. exd5 Nxd5 26. Bxd5 Rxd5 27.
Rxd5 exd5 28. Qxd5 Rd8 29. Qb3 Qe5 30. Qb4 Qd4 31. Qxd4 Rxd4 32. Kf1 Rb4 33.
Rb1 g5 34. Ke2 Kg6 35. Kd3 Kf5 36. Kc3 Rb5 37. b4 Re5 38. Rd1 b6 39. a6 Re7 40.
h3 Rc7+ 41. Kb3 Kg6 42. Rd8 b5 43. Rb8 Rc6 44. Rxb5 Rxa6 45. Ra5 Re6 46. Rxa7
Re2 47. Ra2 Re1 48. b5 Kf5 49. b6 Re6 50. Ra5+ Ke4 51. Rb5 Re8 52. b7 Rb8 53.
Kc4 g4 54. hxg4 Kf4 55. Kc5 Kxg4 56. Kc6 1-0

[Event "23.Schlosspark-Open"]
[Site "Wiesbaden"]
[Date "2011.08.27"]
[Round "4.59"]
[White "Puzzo, Peter"]
[Black "Meisegeier, Thomas"]
[Result "1-0"]
[WhiteElo "1471"]
[BlackElo "1752"]
[PlyCount "73"]
[EventDate "2011.??.??"]
[WhiteTeam "Sfr. Frankfurt 1921"]
[BlackTeam "SC Frankfurt-West"]

1. d4 d5 2. c4 c6 3. e3 Bf5 4. Nf3 Nf6 5. Nc3 e6 6. Be2 Bd6 7. O-O O-O 8. Qb3
Qc7 9. h3 Nbd7 10. c5 Be7 11. Bd2 Ne4 12. Rac1 Nxd2 13. Nxd2 Rab8 14. Qd1 Nf6
15. Re1 e5 16. Nf1 e4 17. Ng3 Be6 18. Qd2 Qd7 19. Bf1 Bd8 20. b4 Bc7 21. Rb1 h5
22. Rb2 h4 23. Nge2 Nh5 24. Reb1 f5 25. b5 f4 26. bxc6 bxc6 27. exf4 Rxb2 28.
Rxb2 Bxf4 29. Nxf4 Nxf4 30. Qe3 Qe7 31. Ne2 Nd3 32. Rd2 Qf6 33. Nc3 Qg6 34.
Bxd3 Rf3 35. Qxf3 exd3 36. Qxd3 Bf5 37. Qe3 1-0

[Event "23.Schlosspark-Open"]
[Site "Wiesbaden"]
[Date "2011.08.27"]
[Round "4.61"]
[White "Memmeler, Björn"]
[Black "Klebs, Sebastian"]
[Result "1/2-1/2"]
[WhiteElo "1427"]
[BlackElo "1738"]
[PlyCount "58"]
[EventDate "2011.??.??"]
[WhiteTeam "Wiesbadener SV 1885"]
[BlackTeam "vereinslos"]

1. d4 d5 2. c4 e6 3. Nc3 Be7 4. cxd5 exd5 5. Bf4 c6 6. e3 Bf5 7. Bd3 Bxd3 8.
Qxd3 Nf6 9. h3 O-O 10. Nf3 Nbd7 11. Ne5 Nxe5 12. Bxe5 Nd7 13. Bf4 a5 14. O-O f5
15. Ne2 g6 16. Rfc1 Nf6 17. Qb3 Qd7 18. Nc3 Ne4 19. Na4 Bd8 20. Rc2 b5 21. Nc5
Nxc5 22. Rxc5 Be7 23. Rcc1 Bd6 24. Bxd6 Qxd6 25. Rc5 Rfc8 26. Rac1 Rc7 27. Qc2
Rac8 28. a3 a4 29. b4 Kg7 1/2-1/2

[Event "23.Schlosspark-Open"]
[Site "Wiesbaden"]
[Date "2011.08.27"]
[Round "4.62"]
[White "Wang, Julia"]
[Black "Bratmann, Marc"]
[Result "1-0"]
[WhiteElo "1719"]
[BlackElo "1455"]
[PlyCount "43"]
[EventDate "2011.??.??"]
[WhiteTeam "Heilbronner SV"]
[BlackTeam "SAbt TuS Dotzheim"]

1. e4 e5 2. f4 exf4 3. Nf3 Nc6 4. d4 g5 5. Bc4 d6 6. O-O Bd7 7. Nxg5 Qxg5 8.
Bxf4 Qg6 9. Bxf7+ Qxf7 10. Bxd6 Qxf1+ 11. Kxf1 Bxd6 12. e5 Be7 13. Qh5+ Kd8 14.
c3 h6 15. d5 Na5 16. d6 cxd6 17. exd6 Bxd6 18. Qxa5+ Ke7 19. Nd2 Nf6 20. Re1+
Be6 21. Qf5 Ne4 22. Qxe4 1-0

[Event "23.Schlosspark-Open"]
[Site "Wiesbaden"]
[Date "2011.08.27"]
[Round "4.63"]
[White "Leßmann, Sven"]
[Black "Kunkel, Wolfgang"]
[Result "1-0"]
[WhiteElo "1250"]
[BlackElo "1713"]
[PlyCount "85"]
[EventDate "2011.??.??"]
[WhiteTeam "SC Bad Soden"]
[BlackTeam "SK 1858 Gießen"]

1. d4 d5 2. c4 Nf6 3. Nf3 e6 4. Nc3 c6 5. e3 Bd6 6. Qc2 O-O 7. Bd3 h6 8. O-O
Qc7 9. c5 Be7 10. e4 dxe4 11. Nxe4 Nd5 12. a3 Nd7 13. Bd2 f5 14. Ng3 Rf6 15. h4
Rg6 16. h5 Rxg3 17. fxg3 Qxg3 18. Be1 Qg4 19. Qf2 Nf4 20. Qd2 Bg5 21. Nxg5 hxg5
22. Rf3 Qxh5 23. Bg3 Nf6 24. Bxf4 gxf4 25. Qxf4 Bd7 26. Rh3 Qg6 27. Qh2 Kf7 28.
Be2 Ke7 29. Qd6+ Kd8 30. Rh8+ Ne8 31. Kf2 f4 32. Qxf4 b6 33. Rah1 bxc5 34. dxc5
Rc8 35. Qd6 Qf6+ 36. Kg1 g6 37. R1h7 Rc7 38. Rf8 Qg5 39. Rhh8 Qe3+ 40. Kh2 Kc8
41. Ba6+ Rb7 42. Rxe8+ Bxe8 43. Rxe8# 1-0

[Event "23.Schlosspark-Open"]
[Site "Wiesbaden"]
[Date "2011.08.27"]
[Round "4.64"]
[White "Kuhnigk, Thomas"]
[Black "Hansch, Christian Min"]
[Result "1-0"]
[WhiteElo "1701"]
[BlackElo "1229"]
[PlyCount "67"]
[EventDate "2011.??.??"]
[WhiteTeam "SC Taunusstein 1966"]
[BlackTeam "SC Turm Büdingen"]

1. d4 d5 2. Nf3 Bf5 3. Bf4 Nf6 4. e3 e6 5. Be2 Bd6 6. Ng5 h6 7. Nf3 Bxf4 8.
exf4 Nc6 9. O-O Nb4 10. Na3 a6 11. Ne5 Qe7 12. c3 Nc6 13. Qb3 Nd8 14. c4 O-O
15. Bf3 Ne4 16. Rfd1 f6 17. Ng4 dxc4 18. Nxc4 b5 19. Nd2 Nxd2 20. Rxd2 Rc8 21.
Ne3 Bg6 22. f5 Bf7 23. fxe6 Nxe6 24. Nf5 Qe8 25. Qc3 g6 26. Nxh6+ Kg7 27. Nxf7
Rxf7 28. Re1 Re7 29. Rde2 Kf7 30. d5 Rd8 31. Rxe6 Rxe6 32. Rxe6 Qd7 33. Qxf6+
Kg8 34. Re7 1-0